000 00851cam a2200301 4500
001 J104342
008 000000n2000 000 0 eng u
035 _a(Sirsi) u104342
050 _a331.28169
110 _aHays Montrose
_91032
245 _aGuide to salaries in construction : annual review 1999/2000.
260 _aLondon
_bHays Montrose
_c2000
300 _a21p. ; 21x30cm.
350 _a87.00
520 _aPublished in conjunction with Building magazine.
650 _aQUANTITY SURVEYORS
650 _aESTIMATORS
650 _aPLANNERS
650 _aENGINEERS
650 _aPROJECT MANAGERS
650 _aSITE AGENTS
650 _aCONSTRUCTION INDUSTRY
650 _aSALARY SURVEYS
650 _aSURVEYING
690 _aMANAGEMENT-BUSINESS MANAGEMENT-PROFESSIONAL PRACTICE
710 _aBuilding
_91694
942 _n0
999 _c100250
_d100250